Statistics for The Legend of Zelda: Breath of the Wild - Provinces

Click here to take the quiz!

General Stats

  • This quiz has been taken 314 times
  • The average score is 6 of 8

Answer Stats

Province% Correct
Gerudo
93%
Akkala
79%
Faron
76%
Hebra
75%
Eldin
74%
Lanayru
70%
Central Hyrule
60%
Necluda
58%

Score Distribution

Percentile by Number Answered

Percent of People with Each Score

Your Score History

You have not taken this quiz